[Event "76. LJUBLJANSKA SAHOVSKA LIGA 2024"]
[Site "gostovanja"]
[Date "2024.03.07"]
[Round "4.8"]
[White "Jese, Janez"]
[Black "Hlebec, Jure"]
[Result "1-0"]
[WhiteElo "1710"]
[BlackElo "1116"]
[PlyCount "71"]
[EventDate "2024.01.18"]
[WhiteTeam "SK MEDVODE"]
[BlackTeam "SD KOCEVJE"]

1. e4 e6 2. Nf3 d5 3. Nc3 d4 4. Ne2 c5 5. c3 Nc6 6. cxd4 cxd4 7. Qa4 Bc5 8. b4
Bxb4 9. Nexd4 Nge7 10. Bb5 Qd6 11. e5 Qc5 12. a3 Bc3 13. Nb3 Bxd2+ 14. Bxd2 Qd5
15. O-O O-O 16. Bf4 a6 17. Bxc6 Nxc6 18. Rfd1 b5 19. Rxd5 bxa4 20. Rc5 axb3 21.
Rxc6 Rb8 22. Bd2 Bb7 23. Rc4 Bd5 24. Rb4 Rxb4 25. Bxb4 Rc8 26. Rb1 Rc2 27. Nd4
Ra2 28. f3 b2 29. Kf2 Bc4 30. Ke3 a5 31. Bc3 Rxa3 32. Kd2 a4 33. Rxb2 h5 34.
Nb5 Ra1 35. Nd6 Bb3 36. Rxb3 1-0